| 000 | 00643nam a2200193Ia 4500 | ||
|---|---|---|---|
| 999 |
_c28737 _d28737 |
||
| 003 | GCL | ||
| 005 | 20240530101924.0 | ||
| 008 | 140319s9999 xx 000 0 ara d | ||
| 040 |
_aGCL / _cGCL |
||
| 082 | 0 | 4 |
_a801.95 _bا م |
| 100 | 1 | _aابراهيم حمادة | |
| 245 | 1 | 0 |
_aمقالات فى النقد الادبى / _cابراهيم حمادة |
| 260 |
_a[S.N] : _bدار المعارف ، _c1982 |
||
| 300 | _a176 ص | ||
| 490 |
_aمكتبة الدراسات الادبية _v89 |
||
| 650 | 0 | 4 | _aالادب العربى - تاريخ ونقد |
| 650 | 0 | 4 | _aالادب العربى - مقالات ومحاضرات |
| 942 |
_2ddc _cBK |
||